Pays se terminant par "N" - Statistiques

Statistiques générales
  • Ce quiz a été pris 207 fois
    205 depuis la dernière actualisation
  • Le résultat moyen est 17 sur 24
Statistiques - réponses
Réponse % Correct
Afghanistan
91%
Pakistan
89%
Kazakhstan
85%
Turkménistan
84%
Iran
82%
Ouzbékistan
82%
Azerbaïdjan
80%
Kirghizistan
80%
Liban
80%
Tadjikistan
78%
Vatican
77%
Oman
76%
Bhoutan
72%
Japon
72%
Soudan
68%
Yémen
68%
Gabon
65%
Liechtenstein
64%
Bahreïn
59%
Cameroun
57%
Saint-Marin
57%
Taïwan
56%
Bénin
53%
Salomon
50%
Aucun quiz correspondant
Distribution des résultats
% des personnes avec chaque résultat
Percentile par nombre de réponses
Votre historique - résultats
Vous n’avez pas pris ce quiz depuis la dernière actualisation